Cenurosis e hidatidosis (Record no. 144045)

MARC details
000 -LEADER
campo de control de longitud fija 00779nam a2200217 4500
001 - NÚMERO DE CONTROL
campo de control 144045
003 - IDENTIFICADOR DE NÚMERO DE CONTROL
campo de control ES-MaACL
005 - FECHA Y HORA DE LA ÚLTIMA TRANSACCIÓN
campo de control 20230906200930.0
007 - CAMPO FIJO DE DESCRIPCIÓN FÍSICA--INFORMACIÓN GENERAL
campo de control de longitud fija t|
008 - DATOS DE LONGITUD FIJA--INFORMACIÓN GENERAL
campo de control de longitud fija 070214s1981 sp r ||||1| spa d
100 1# - ENTRADA PRINCIPAL--NOMBRE DE PERSONA
Nombre de persona Simón Vicente, Fernando.
9 (RLIN) 106556
245 10 - MENCIÓN DEL TÍTULO
Título Cenurosis e hidatidosis
Resto del título : el perro como principal reservorio /
Mención de responsabilidad, etc. F. Simón Vicente, V. Ramajo Martín.
260 ## - PUBLICACIÓN, DISTRIBUCIÓN, ETC.
Lugar de publicación, distribución, etc. Salamanca :
Nombre del editor, distribuidor, etc. I. O. A. T. O.,
Fecha de publicación, distribución, etc. 1981 (
Fabricante Europa)
300 ## - DESCRIPCIÓN FÍSICA
Extensión 48 p., 6 lám. :
Otras características físicas il. ;
Dimensiones 25 cm.
490 1# - MENCIÓN DE SERIE
Mención de serie Temas de divulgación ;
Designación de volumen o secuencia 4
700 1# - ENTRADA AGREGADA--NOMBRE PERSONAL
Nombre de persona Ramajo Martín, Vicente.
9 (RLIN) 95063
710 2# - ENTRADA AGREGADA--NOMBRE DE ENTIDAD CORPORATIVA
Nombre de entidad corporativa o nombre de jurisdicción como elemento de entrada Instituto de Orientación y Asistencia Técnica del Oeste.
9 (RLIN) 4990
830 0# - PUNTO DE ACCESO ADICIONAL DE SERIE-TÍTULO UNIFORME
Título uniforme Temas de divulgación ;
Designación de volumen o secuencia 4
9 (RLIN) 218706
852 ## - LOCALIZACIÓN
Ubicación ES-MaACL
Número de control de estantería 2121-F-18
Sublocalización o colección R.103203
Holdings
Estatus retirado Estado de pérdida Estado de daño No para préstamo Colección Biblioteca de origen Biblioteca actual Ubicación en estantería Fecha de adquisición Fuente de adquisición Total de préstamos Signatura topográfica completa Código de barras Visto por última vez Precio de reemplazo Tipo de ítem Koha
        Colección de folletos Biblioteca del Ateneo de Madrid Biblioteca del Ateneo de Madrid Depósito folletos 17/01/2008     2121-F-18 1149869 23/02/2023 23/02/2023 Folleto